Nommez un objet Harry Potter valable - Statistiques

Statistiques générales
  • Ce quiz a été pris 4 201 fois
    4 163 depuis la dernière actualisation
  • Le résultat moyen est 9 sur 16
Statistiques - réponses
Critère Objets % Correct
Horcruxe (exlue Harry et Nagini) Médaillon | Diadème | Journal | Bague | Coupe
98%
Accessoire de Quidditch Balai | Souafle | Cognard | Vif d'Or | Batte
95%
Relique de la Mort Baguette de Sureau | Pierre de Résurrection | Cape d'Invisibilité
94%
Appartient à la maison de Gryffondor Épée | Choixpeau Magique
86%
Moyen de Transport (exclue les objets de téléportation) Poudlard Expres | Magicobus | Balai | Moto de Sirius | Carosse de Beauxbâtons
80%
Objet utilisé comme Portoloin Botte | Trophée des Trois Sorciers
71%
Objet appartenant à Albus Dumbledore Miroir à double sens | Pensine | Déluminateur | Baguette de Sureau
70%
Objet de Téléportation Portoloin | Retourneur de Temps | Poudre de Cheminette | Armoire à Disparaître
64%
Objet faisant son apparition dans le 4e livre Plume à Papotte | Trophée des Trois Sorciers | Coupe de Feu | Portoloin
55%
Objet parlant Choixpeau Magique | Beuglante
47%
Objet Comestible Chocogrenouille | Bonbon de Bertie Crochu | Patacitrouille
40%
Commence par la lettre R Rapeltout | Retourneur de Temps | Révélateur
30%
Objet en rapport avec la Magie Noire Collier d'Opale | Médaillon | Diadème | Coupe | Bague | Journal | Main de la Gloire
29%
Objet "révélateur" Carte du maraudeur | Glace à l'ennemi | Miroir à double sens | Miroir du risèd | Pendule des Weasley | Rapeltout | Révélateur | Prophétie
25%
Ingrédient de Potion Bézoard | Tue-Loup | Corne de Licorne | Pierre de Lune | Corne de Bicorne
21%
Se vent chez "Farces pour Sorciers Facétieux ou "Zonko" Oreille à Rallonge | Bombabouse | Frisbee à dents de Serpent
10%
Aucun quiz correspondant
Distribution des résultats
% des personnes avec chaque résultat
Percentile par nombre de réponses
Votre historique - résultats
Vous n’avez pas pris ce quiz depuis la dernière actualisation